|
000
|
01019oam2 2200337 45
|
|
001
|
1486
|
|
005
|
20091117093305.0
|
|
010
|
|
@a978-7-5449-0532-9@dCNY15.60
|
|
100
|
|
@a20091125d2009 ekmy0chiy0120 ea
|
|
101
|
0
|
@achi
|
|
102
|
|
@aCN@b220000
|
|
105
|
|
@ay z 000yy
|
|
106
|
|
@ar
|
|
200
|
1
|
@a黄瓜 番茄和茄子嫁接技术@AHuang Gua Fan Qie He Qie Zi Jia Jie Ji Shu@f周振和主编@FZhou Zhen He Zhu Bian
|
|
210
|
|
@a延吉@c延边人民出版社@d2009
|
|
215
|
|
@a120页@d19cm
|
|
225
|
2
|
@a农村高科技实用技术
|
|
330
|
|
@a本书先对嫁接技术作了简单的介绍,然后详细讲述了黄瓜、番茄和茄子嫁接的意义、嫁接前的准备、相关的嫁接技术、嫁接的注意事项及嫁接后的管理等。
|
|
461
|
0
|
@12001 @a农村高科技实用技术
|
|
606
|
0
|
@a番茄@x嫁接
|
|
606
|
0
|
@a茄子@x嫁接
|
|
606
|
0
|
@a黄瓜@x嫁接
|
|
606
|
0
|
@a番茄
|
|
606
|
0
|
@a茄子
|
|
606
|
0
|
@a嫁接
|
|
606
|
0
|
@a黄瓜
|
|
690
|
|
@aS642@v4
|
|
701
|
0
|
@a周振和@AZhou Zhen He@4主编
|
|
801
|
0
|
@aCN@bBJHZTJ@c20091201
|
|
905
|
|
@dS642@e82 @f10
|
|
999
|
|
@a
|
|
|
|
|
| |
| 黄瓜 番茄和茄子嫁接技术/周振和主编.-延吉:延边人民出版社,2009 |
| 120页;19cm.-(农村高科技实用技术) |
| |
| |
| ISBN 978-7-5449-0532-9:CNY15.60 |
| 本书先对嫁接技术作了简单的介绍,然后详细讲述了黄瓜、番茄和茄子嫁接的意义、嫁接前的准备、相关的嫁接技术、嫁接的注意事项及嫁接后的管理等。 |
| ● |
正题名:黄瓜 番茄和茄子嫁接技术
索取号:S642/82
 
预约/预借
| 序号
|
登录号
|
条形码
|
馆藏地/架位号
|
状态
|
备注
|
|
1
|
282000
|
300282000
|
海科密-1楼/56架13列1层/
[索取号:S642/82]
|
在馆
|
|
|
2
|
282001
|
300282001
|
海科密-1楼/56架13列1层/
[索取号:S642/82]
|
在馆
|
|
|
3
|
282002
|
300282002
|
海科密-1楼/56架13列1层/
[索取号:S642/82]
|
在馆
|
|
|
4
|
282003
|
300282003
|
海科密-1楼/56架13列1层/
[索取号:S642/82]
|
在馆
|
|
|
5
|
282004
|
300282004
|
海科密-1楼/56架13列1层/
[索取号:S642/82]
|
在馆
|
|
|
6
|
282005
|
300282005
|
海科密-1楼/56架13列1层/
[索取号:S642/82]
|
在馆
|
|
|
7
|
282006
|
300282006
|
海科密-1楼/56架13列1层/
[索取号:S642/82]
|
在馆
|
|
|
8
|
282007
|
300282007
|
海科密-1楼/56架13列1层/
[索取号:S642/82]
|
在馆
|
|
|
9
|
282008
|
300282008
|
海科密-1楼/56架13列1层/
[索取号:S642/82]
|
在馆
|
|
|
10
|
282009
|
300282009
|
柳城-4楼/18架7列1层/
[索取号:S642/82]
|
在馆
|
|
|
11
|
383240
|
300383240
|
海科密-1楼/56架13列1层/
[索取号:S642/82]
|
在馆
|
|
|
12
|
383241
|
300383241
|
海科密-1楼/56架13列1层/
[索取号:S642/82]
|
在馆
|
|
|
13
|
383242
|
300383242
|
海科密-1楼/56架13列1层/
[索取号:S642/82]
|
在馆
|
|
|
14
|
383243
|
300383243
|
海科密-1楼/56架13列1层/
[索取号:S642/82]
|
在馆
|
|
|
15
|
383244
|
300383244
|
柳城-4楼/18架7列1层/
[索取号:S642/82]
|
在馆
|
|
|
16
|
383245
|
300383245
|
柳城-4楼/18架7列1层/
[索取号:S642/82]
|
在馆
|
|
|
17
|
383246
|
300383246
|
海科密-1楼/56架13列1层/
[索取号:S642/82]
|
在馆
|
|
|
18
|
383247
|
300383247
|
海科密-1楼/56架13列1层/
[索取号:S642/82]
|
在馆
|
|
|
19
|
383248
|
300383248
|
海科密-1楼/56架13列1层/
[索取号:S642/82]
|
在馆
|
|
|
20
|
383249
|
300383249
|
海科密-1楼/56架13列1层/
[索取号:S642/82]
|
在馆
|
|